[Event "HEM Kandidaten"]
[Site "?"]
[Date "2024.05.18"]
[Round "1.1"]
[White "Quitzau, Lukas"]
[Black "Emami, Madjid"]
[Result "0-1"]
[WhiteElo "1827"]
[BlackElo "1937"]
[PlyCount "112"]
[GameId "2046820739717567"]
[EventDate "2024.??.??"]
[WhiteTeam "Barmbeker SK 1926 eV"]
[BlackTeam "Hamburger SK von 1830 eV"]

1. d4 g6 2. e4 Bg7 3. Bc4 d6 4. Nf3 Nf6 5. Nc3 O-O 6. Bb3 c5 7. Be3 cxd4 8. Nxd4 Nc6 9. Nxc6 bxc6 10. Qd2 Ng4 11. Bg5 h6 12. Bh4 Ba6 13. h3 Ne5 14. O-O-O Rb8 15. f4 Nc4 16. Bxc4 Bxc4 17. b3 Ba6 18. Na4 Qc7 19. Bf2 c5 20. c4 Rb4 21. Nc3 Qa5 22. Nb1 Qb6 23. Nc3 Rb8 24. Nd5 Rxc4+ 25. Kb1 Qb7 26. Rc1 Rxe4 27. Rhe1 Rxe1 28. Rxe1 e6 29. Nc3 Qb4 30. Ne4 Qxd2 31. Nxd2 Kf8 32. Kc2 Ke7 33. Ne4 f5 34. Nd2 Rb4 35. Bh4+ Bf6 36. Bg3 Bb7 37. Re2 Bd5 38. a3 Rb6 39. Bf2 Ra6 40. a4 Rb6 41. Be3 Rb4 42. g3 Bd4 43. h4 Bxe3 44. Rxe3 h5 45. Kb2 Rd4 46. Kc3 Kf6 47. Re1 e5 48. fxe5+ dxe5 49. Nc4 Bxc4 50. bxc4 f4 51. Rf1 Kf5 52. a5 Kg4 53. gxf4 exf4 54. Rb1 f3 55. Rb7 f2 56. Rf7 Rf4 0-1

[Event "HEM Kandidaten"]
[Site "?"]
[Date "2024.05.18"]
[Round "1.2"]
[White "Gehn, Roland"]
[Black "Laucht, Philipp"]
[Result "1/2-1/2"]
[WhiteElo "1934"]
[BlackElo "1801"]
[PlyCount "102"]
[GameId "2046830683027977"]
[EventDate "2024.??.??"]
[WhiteTeam "SK Union Eimsbuettel eV"]
[BlackTeam "SK Johanneum Eppendorf"]

1. e4 c5 2. Nf3 d6 3. d4 cxd4 4. Nxd4 Nf6 5. Nc3 a6 6. a4 g6 7. Be2 Bg7 8. Be3 O-O 9. O-O Nc6 10. Kh1 Bd7 11. Nb3 b6 12. f3 Qc7 13. Qd2 Rfd8 14. Rfd1 Be6 15. Nd5 Bxd5 16. exd5 Ne5 17. a5 Nfd7 18. Bd4 Rdc8 19. f4 Nc4 20. Bxc4 Qxc4 21. Bxg7 Kxg7 22. Qd4+ Qxd4 23. Nxd4 Rc4 24. g3 b5 25. c3 Nf6 26. Nb3 Rb8 27. Rd3 Ne4 28. Rd4 Nc5 29. Nxc5 dxc5 30. Rxc4 bxc4 31. Ra2 Kf8 32. Kg2 Ke8 33. Kf3 Kd7 34. Ra4 Rxb2 35. Rxc4 Kd6 36. Re4 Rxh2 37. c4 h5 38. Re3 Ra2 39. Rb3 Rxa5 40. Rb6+ Kc7 41. Rc6+ Kb7 42. Kg2 Ra2+ 43. Kf3 Ra3+ 44. Kf2 a5 45. Rxc5 a4 46. Ra5 Ra2+ 47. Kf3 a3 48. c5 Ra1 49. Kf2 a2 50. Kg2 Rc1 51. c6+ Kb6 1/2-1/2

[Event "HEM Kandidaten"]
[Site "?"]
[Date "2024.05.18"]
[Round "1.3"]
[White "Haack, Stefan"]
[Black "Piepenhagen, Eric"]
[Result "1/2-1/2"]
[WhiteElo "1793"]
[BlackElo "1914"]
[PlyCount "98"]
[GameId "2046823948331477"]
[EventDate "2024.??.??"]
[WhiteTeam "SC Diogenes e.V."]
[BlackTeam "Niendorfer TSV 1919 SAbt"]

1. e4 c5 2. c3 Nf6 3. e5 Nd5 4. d4 cxd4 5. Nf3 Nc6 6. cxd4 d6 7. Nc3 e6 8. Nxd5 exd5 9. Be2 Be7 10. O-O O-O 11. Bf4 dxe5 12. Nxe5 Qb6 13. Nxc6 bxc6 14. b3 Bf5 15. Be3 Bb4 16. Bd3 Bd7 17. Qh5 f5 18. Rad1 Rae8 19. Bc2 Bc8 20. g4 g6 21. Qh6 Qc7 22. Bf4 Bd6 23. Bxd6 Qxd6 24. gxf5 Bxf5 25. Bxf5 Rxf5 26. Rde1 Rxe1 27. Rxe1 Rh5 28. Re8+ Kf7 29. Qe3 Qxh2+ 30. Kf1 Qd6 31. Ra8 Rh1+ 32. Ke2 Qe7 33. Qxe7+ Kxe7 34. Rxa7+ Kd6 35. a4 g5 36. f3 Rb1 37. Rxh7 Rb2+ 38. Ke3 Rxb3+ 39. Ke2 Rb4 40. Kd3 Rxa4 41. Rg7 Ra3+ 42. Ke2 Ra2+ 43. Ke3 Rg2 44. Kd3 Ke6 45. Rg6+ Kd7 46. Rg7+ Kd6 47. Ke3 Ke6 48. Rg6+ Kd7 49. Rg7+ Kd6 1/2-1/2

[Event "HEM Kandidaten"]
[Site "?"]
[Date "2024.05.18"]
[Round "1.4"]
[White "Becker, Thomas"]
[Black "Priess, Holger"]
[Result "1-0"]
[WhiteElo "1911"]
[BlackElo "1789"]
[PlyCount "107"]
[GameId "2046822585051595"]
[EventDate "2024.??.??"]
[WhiteTeam "Volksdorfer SK 1948"]
[BlackTeam "SF Hamburg e.V. 1934"]

1. e4 e5 2. Nf3 Nc6 3. d4 exd4 4. Nxd4 Nxd4 5. Qxd4 d6 6. c4 Nf6 7. Nc3 c6 8. h3 Be7 9. Bf4 c5 10. Qd3 O-O 11. O-O-O Be6 12. Bxd6 Bxd6 13. Qxd6 Qxd6 14. Rxd6 Rfd8 15. Rxd8+ Rxd8 16. f3 Nh5 17. Nd5 f5 18. g4 Ng3 19. Rg1 Nxf1 20. Rxf1 Bxd5 21. exd5 f4 22. Re1 b5 23. b3 bxc4 24. bxc4 Kf7 25. h4 h6 26. h5 Rd6 27. Re4 Rf6 28. Kc2 g6 29. hxg6+ Kxg6 30. Re6 Rxe6 31. dxe6 Kf6 32. Kd3 Kxe6 33. Ke4 a6 34. Kxf4 Kf6 35. Ke4 Ke6 36. f4 a5 37. a4 Kd6 38. Kf5 Ke7 39. Kg6 h5 40. Kxh5 Kf6 41. g5+ Kg7 42. f5 Kh7 43. g6+ Kg7 44. Kg5 Kg8 45. f6 Kf8 46. f7 Kg7 47. Kf5 Kf8 48. Ke6 Kg7 49. Ke7 Kxg6 50. f8=Q Kh7 51. Qf1 Kh8 52. Qg2 Kh7 53. Kf6 Kh8 54. Qg7# 1-0

[Event "HEM Kandidaten"]
[Site "?"]
[Date "2024.05.18"]
[Round "1.5"]
[White "Meyer, Winfried"]
[Black "Johanssen, Torsten"]
[Result "0-1"]
[WhiteElo "1777"]
[BlackElo "1906"]
[PlyCount "84"]
[GameId "2046826029554143"]
[EventDate "2024.??.??"]
[WhiteTeam "Langenhorner SF 1928"]
[BlackTeam "SC Diogenes e.V."]

1. e4 Nf6 2. e5 Nd5 3. d4 d6 4. Nf3 g6 5. Be2 Bg7 6. O-O O-O 7. exd6 cxd6 8. h3 Nc6 9. Bc4 Nb6 10. Bb3 Na5 11. c3 Bf5 12. Be3 Nbc4 13. Qe2 Qc7 14. Bc2 Nxe3 15. fxe3 Bxc2 16. Qxc2 Nc4 17. Re1 d5 18. b3 Nd6 19. Nbd2 Rac8 20. Rac1 b5 21. e4 dxe4 22. Nxe4 Nxe4 23. Qxe4 e6 24. Rc2 Rfd8 25. Rec1 Qb6 26. Kf1 b4 27. cxb4 Rxc2 28. Qxc2 Qxb4 29. Qc5 Qb7 30. Rc4 Bf6 31. Kf2 Kg7 32. Ke3 Rd5 33. Qc6 Qe7 34. Qa6 e5 35. dxe5 Bxe5 36. Kf2 Bd6 37. Rc2 Qf6 38. Qe2 Bc5+ 39. Kf1 Qa1+ 40. Ne1 Rf5+ 41. Qf3 Rxf3+ 42. gxf3 Bb4 0-1

[Event "HEM Kandidaten"]
[Site "?"]
[Date "2024.05.18"]
[Round "1.6"]
[White "Tietz, Bennit"]
[Black "Malchereck, Romeo"]
[Result "1-0"]
[WhiteElo "1896"]
[BlackElo "1774"]
[PlyCount "99"]
[GameId "2046827109489129"]
[EventDate "2024.??.??"]
[WhiteTeam "Hamburger SK von 1830 eV"]
[BlackTeam "Hamburger SK von 1830 eV"]

1. e4 c6 2. Nc3 d5 3. Nf3 dxe4 4. Nxe4 Nf6 5. Qe2 e6 6. d4 Be7 7. Bf4 O-O 8. O-O-O Qa5 9. Kb1 Rd8 10. Nfg5 Nxe4 11. Nxe4 Na6 12. Qf3 Nb4 13. Bc4 b5 14. Bb3 Qb6 15. Qg3 Qb7 16. Bh6 Bf8 17. Bg5 Be7 18. Nc5 Bxc5 19. Bxd8 Bf8 20. Qc7 a5 21. c3 a4 22. cxb4 axb3 23. a3 g6 24. Qxb7 Bxb7 25. Bf6 c5 26. dxc5 Bxg2 27. Rhe1 Bd5 28. Rxd5 exd5 29. Rd1 Re8 30. f4 Bg7 31. Bxg7 Kxg7 32. c6 Rc8 33. Rxd5 Rxc6 34. Rxb5 Rc4 35. f5 Rf4 36. Kc1 gxf5 37. Kd2 Rf2+ 38. Kc3 Rxh2 39. Rxf5 Rh3+ 40. Kc4 Kg6 41. Rf2 f5 42. b5 Rh4+ 43. Kc5 Re4 44. b6 Kf6 45. b7 Re5+ 46. Kb6 Re6+ 47. Ka7 Re7 48. Ka8 Rxb7 49. Kxb7 Kg5 50. a4 1-0

[Event "HEM Kandidaten"]
[Site "?"]
[Date "2024.05.18"]
[Round "1.7"]
[White "Schacht, David"]
[Black "Schwarzman, Isja"]
[Result "1-0"]
[WhiteElo "1770"]
[BlackElo "1875"]
[PlyCount "107"]
[GameId "2046816866146731"]
[EventDate "2024.??.??"]
[WhiteTeam "SchVgg Blankenese von 1923 e.V."]
[BlackTeam "Hamburger SK von 1830 eV"]

1. e4 e5 2. Nf3 Nc6 3. Bc4 Nf6 4. d3 h6 5. Nbd2 d6 6. Nf1 Be6 7. Bb3 Ne7 8. Ng3 g5 9. c3 Ng6 10. Bxe6 fxe6 11. h4 g4 12. Nd2 Nf4 13. O-O Nxd3 14. Qb3 Nc5 15. Qb5+ c6 16. Qe2 h5 17. Nc4 Bh6 18. Bxh6 Rxh6 19. b4 Ncxe4 20. Nxe4 Nxe4 21. Qxe4 d5 22. Qe3 Qf6 23. Nd6+ Kf8 24. Nxb7 Rh7 25. Nc5 Kg8 26. Qg5+ Qxg5 27. hxg5 Re8 28. Nd3 e4 29. g6 Rh6 30. Ne5 Kg7 31. Nxc6 h4 32. Nxa7 g3 33. b5 Reh8 34. b6 h3 35. gxh3 Rxh3 36. fxg3 Rxg3+ 37. Kf2 Rxc3 38. Rh1 Rf8+ 39. Ke2 Rff3 40. Rh7+ Kxg6 41. Rah1 Kf6 42. b7 Rc2+ 43. Kd1 Rb2 44. Kc1 Rff2 45. R1h6+ Kg5 46. Rh5+ Kg4 47. Rh4+ Kg3 48. Rh3+ Kf4 49. Rb3 Rfc2+ 50. Kd1 Rd2+ 51. Ke1 Re2+ 52. Kf1 Rf2+ 53. Kg1 Rxb3 54. Kxf2 1-0

[Event "HEM Kandidaten"]
[Site "?"]
[Date "2024.05.18"]
[Round "1.8"]
[White "Schiller, Thomas"]
[Black "Srinath, Manish"]
[Result "1-0"]
[WhiteElo "1852"]
[BlackElo "1729"]
[PlyCount "72"]
[GameId "2046829605689853"]
[EventDate "2024.??.??"]
[WhiteTeam "SK Johanneum Eppendorf"]
[BlackTeam "Hamburger SK von 1830 eV"]

1. e4 c6 2. d4 d5 3. exd5 cxd5 4. c4 Nf6 5. Nc3 Nc6 6. Nf3 Bg4 7. cxd5 Nxd5 8. Qb3 Nb6 9. Bc4 Nxc4 10. Qxc4 Bxf3 11. gxf3 Qxd4 12. Qe2 a6 13. Be3 Qe5 14. f4 Qf5 15. Rg1 h6 16. Rd1 e6 17. Bb6 Bb4 18. Rxg7 Qxf4 19. Rg4 Qxh2 20. Kf1 Qh3+ 21. Kg1 Bxc3 22. bxc3 Qxc3 23. Rd3 Qe5 24. Re3 Qf5 25. Rb3 Ne5 26. Rgg3 Rc8 27. Be3 Rc2 28. Qd1 Rc7 29. Qd6 Rd7 30. Qb8+ Rd8 31. Qxb7 Qh5 32. Rb1 Rd1+ 33. Rxd1 Qxd1+ 34. Kh2 Qd7 35. Qb8+ Qd8 36. Qxe5 Ke7 1-0

[Event "HEM Kandidaten"]
[Site "?"]
[Date "2024.05.18"]
[Round "1.9"]
[White "Atri, Jamshid"]
[Black "Ruider, Thomas"]
[Result "1/2-1/2"]
[WhiteElo "1991"]
[BlackElo "1846"]
[PlyCount "76"]
[GameId "2046819240294837"]
[EventDate "2024.??.??"]
[WhiteTeam "Hamburger SK von 1830 eV"]
[BlackTeam "SF Sasel 1947"]

1. e4 d5 2. exd5 Nf6 3. c4 c6 4. d4 cxd5 5. Nc3 e6 6. Nf3 Be7 7. Bd3 O-O 8. O-O dxc4 9. Bxc4 a6 10. a3 b5 11. Ba2 Bb7 12. Re1 Nd5 13. Ne4 Nd7 14. Bd2 N7f6 15. Nc5 Bc8 16. Rc1 a5 17. Bb1 b4 18. a4 Qb6 19. b3 Rd8 20. Qc2 g6 21. Ne5 Bf8 22. Nc4 Qc7 23. Ne5 Qb6 24. h4 Bg7 25. g4 Nd7 26. h5 Nxe5 27. dxe5 Bb7 28. hxg6 hxg6 29. Nxb7 Qxb7 30. Qc6 Qe7 31. Kg2 Qh4 32. Qc4 Rac8 33. Qe4 Nc3 34. Bxc3 bxc3 35. Red1 Rxd1 36. Rxd1 Bxe5 37. Bd3 Qh2+ 38. Kf3 Bg7 1/2-1/2

[Event "HEM Kandidaten"]
[Site "?"]
[Date "2024.05.18"]
[Round "1.10"]
[White "Sell, Eero"]
[Black "Becker-Bertau, Friedrich"]
[Result "1-0"]
[WhiteElo "1843"]
[BlackElo "1932"]
[PlyCount "57"]
[GameId "2046828780792307"]
[EventDate "2024.??.??"]
[WhiteTeam "SchVgg Blankenese von 1923 e.V."]
[BlackTeam "Langenhorner SF 1928"]

1. e4 c5 2. Nc3 Nc6 3. f4 d6 4. Nf3 Bg4 5. Bb5 a6 6. Bxc6+ bxc6 7. h3 Bxf3 8. Qxf3 e6 9. O-O Qb6 10. Kh1 g6 11. f5 gxf5 12. exf5 e5 13. f6 h5 14. d3 O-O-O 15. a3 Qc7 16. b4 d5 17. bxc5 Bxc5 18. Rb1 Rd6 19. Bg5 Re6 20. Rb3 Bd4 21. Rfb1 e4 22. dxe4 Bxc3 23. Qxc3 dxe4 24. Qb2 Qd6 25. Rb8+ Kd7 26. Qb7+ Qc7 27. Rd1+ Rd6 28. Rxd6+ Kxd6 29. Bf4+ 1-0